00804cam a22002531 4500001001300000003000400013005001700017008004100034010001700075025002000092035002000112040001700132041001100149042001200160050002000172110004500192245017900237260002400416300001800440500001700458500002800475650003000503999001700533sa 68015987 DLC20260227112651.0930506s1967 io 000 0 ind  asa 68015987  aPL480:Indo-8252 a(OCoLC)28057993 aDLCcCUdDLC0 aindeng apremarc00aHV11b.B27 19672 aBalai Penelitian dan Penindjauan Sosial.00aPandangan singkat tentang maksud dan tudjuan Balai Penelitian dan Penindjauan Sosial.bA short view of the scope and aim of the Institute for Social Research and Observation. aJogjakartac[1967?] a18 p.c21 cm. aCover title. aIndonesian and English. 0aSocial servicexResearch. c86853d86853